000 00638 a2200241 4500
003 OSt
005 20180116182834.0
008 160819b xxu||||| |||| 00| 0 eng d
020 _a8120321111
040 _c0
050 _a658.3
082 _a658.3 MEJ 2003
100 _aLuis R.Gomez-Mejia
245 _aManaging Human Resources.
_cLuis R.Gomez-Mejia
250 _a3rd
260 _aNew Delhi
_bPrentice Hall of India.
_c2003
300 _a621p.
_bPB
440 _aManaging Human Resources.
500 _aPaper Cover
600 _aLuis R.Gomez-Mejia
700 _aLuis R.Gomez-Mejia
942 _aNBS
_cBK
_k658.3 MEJ 2001
_2ddc
999 _c347001
_d347001